FOUNDATIONS IN MICROBIOLOGY (Record no. 194075)
[ view plain ]
| 000 -LEADER | |
|---|---|
| fixed length control field | 00498nam a2200193Ia 4500 |
| 003 - CONTROL NUMBER IDENTIFIER | |
| control field | OSt |
| 005 - DATE AND TIME OF LATEST TRANSACTION | |
| control field | 20250903131012.0 |
| 020 ## - INTERNATIONAL STANDARD BOOK NUMBER | |
| International Standard Book Number | 0-07-255298-0 |
| 040 ## - CATALOGING SOURCE | |
| Transcribing agency | LIBRARY OF CONGRESS |
| 050 ## - LIBRARY OF CONGRESS CALL NUMBER | |
| Classification number | QR 41.2.T35 2005 C.1 |
| 100 ## - MAIN ENTRY--PERSONAL NAME | |
| Personal name | TALARO, KATHLEEN PARK |
| 245 #0 - TITLE STATEMENT | |
| Title | FOUNDATIONS IN MICROBIOLOGY |
| 250 ## - EDITION STATEMENT | |
| Edition statement | 5 |
| 260 ## - PUBLICATION, DISTRIBUTION, ETC. | |
| Place of publication, distribution, etc. | NEY YORK |
| Name of publisher, distributor, etc. | MCGRAW -HILL |
| Date of publication, distribution, etc. | 2005 |
| 300 ## - PHYSICAL DESCRIPTION | |
| Extent | XVII,831P.:ILL |
| 500 ## - GENERAL NOTE | |
| General note | INCLUDES AND INDEX |
| 600 ## - SUBJECT ADDED ENTRY--PERSONAL NAME | |
| Personal name | 1.MICROBIOLOGY 2. MEDICAL MICROBIOLOGY |
| 942 ## - ADDED ENTRY ELEMENTS (KOHA) | |
| Koha item type | Long Loan Book |
| Source of classification or shelving scheme | Library of Congress Classification |
| Suppress in OPAC | No |
| Withdrawn status | Lost status | Source of classification or shelving scheme | Damaged status | Not for loan | Collection | Home library | Current library | Shelving location | Date acquired | Inventory number | Total checkouts | Full call number | Barcode | Date last seen | Copy number | Price effective from | Koha item type |
|---|---|---|---|---|---|---|---|---|---|---|---|---|---|---|---|---|---|
| Library of Congress Classification | Medicine | Kisii University Library | Kisii University Library | On Display | 09/15/2023 | 93650 | QR 41.2 .T35 2005 | 041108 | 09/15/2023 | 3 | 09/15/2023 | Long Loan Book |